Sana'a : la salvaguardia del centro storico /
Guardat en:
| Autor corporatiu: | , |
|---|---|
| Altres autors: | , |
| Format: | Llibre |
| Idioma: | italià |
| Publicat: |
[Roma] :
[Tipografia Iuliano], stampa [s.d.]
|
| Etiquetes: |
Sense etiquetes, Sigues el primer a etiquetar aquest registre!
|
MARC
| LEADER | 00000nam a22000007i 4500 | ||
|---|---|---|---|
| 001 | IT\ICCU\UBO\3173131 | ||
| 003 | ItRI | ||
| 005 | 20260115232318.0 | ||
| 008 | 070327s1988 it |||||| ||||| |||||c | ||
| 040 | |b ita |c importazione bologna sebina | ||
| 041 | 7 | |a ita |2 ISO-639-2 | |
| 245 | 0 | 0 | |a Sana'a : |b la salvaguardia del centro storico / |c Studio Quaroni, progettazione grafica Bonifica Gruppo Iri Italstat. |
| 260 | |a [Roma] : |b [Tipografia Iuliano], stampa [s.d.] | ||
| 300 | |a 1 v. ; |c 26 cm | ||
| 500 | |a Senza paginazione. | ||
| 700 | 1 | |a Pasolini, Pier Paolo |0 IT\ICCU\CFIV\001068 | |
| 700 | 1 | |a Betti, Laura, |d (1927-2004) |0 IT\ICCU\CFIV\040028 | |
| 710 | 2 | |a Studio Quaroni |0 IT\ICCU\UBOV\092690 | |
| 710 | 2 | |a Bonifica Iri Italstat |0 IT\ICCU\UBOV\092691 | |
| 790 | 1 | |a Trombetti, Laura |3 IT\ICCU\AUFV\001284 |z Betti, Laura (1927-2004) | |
| 942 | |2 ddc |c BK |n 0 | ||
| 952 | |0 0 |1 0 |4 0 |6 DOC_720_288000000000000_SAN |7 0 |9 24014 |a BO |b BO |d 2026-01-15 |i 1468 |l 0 |o DOC 720.288 SAN |p BO1468 |r 2026-01-15 23:23:18 |w 2026-01-15 |x [Sebina 7] [1 v.] |y BK |z 1 v. | ||
| 999 | |c 20447 |d 20447 | ||